| 000 | 00343nam a2200133Ia 4500 | ||
|---|---|---|---|
| 008 | 240624s9999 xx 000 0 und d | ||
| 041 | _aeng | ||
| 082 | _a658.4092 SAN | ||
| 100 | _aSANDBERG SHERYL | ||
| 245 | _aLEAN IN WOMEN WORK AND THE WILL TO LEAD | ||
| 260 |
_c2013 _aNew Delhi _bEbury Publishing |
||
| 300 | _a256 : p. | ||
| 365 |
_cRS _b30 |
||
| 999 |
_c28586 _d28586 |
||